<The> little SAS book: a primer (4th ed.)

Recenzia na publikáciu The little SAS book: a primer (4th edition) od Lora D. Delwiche a Susan J. Slaughter. Charakteristika publikácie. Základy (príručka) ovládania SAS (Statistical analysis system) softvéru. Charakteristika jednotlivých kapitol. Možnosť využitia publikácie.

Guardado en:
Detalles Bibliográficos
Autor principal: Horníková, Adriana
Formato: Capítulo de libro
Lenguaje:inglés
Materias:
Etiquetas: Agregar Etiqueta
Sin Etiquetas, Sea el primero en etiquetar este registro!

MARC

LEADER 00000naa$a2200000$$$4500
001 0108604
005 20240502083253.9
041 0 |a eng 
044 |a US 
245 1 0 |a <The> little SAS book: a primer (4th ed.)  |c Adriana Horníková 
520 |a Recenzia na publikáciu The little SAS book: a primer (4th edition) od Lora D. Delwiche a Susan J. Slaughter. Charakteristika publikácie. Základy (príručka) ovládania SAS (Statistical analysis system) softvéru. Charakteristika jednotlivých kapitol. Možnosť využitia publikácie. 
610 2 0 |a recenzie 
610 2 0 |a softvér 
610 2 0 |a systémy štatistické 
610 2 0 |a príručky 
100 1 |a Horníková, Adriana